000 01282nam a2200313Ia 4500
001 ebr10279158
003 CaPaEBR
006 m u
007 cr cn|||||||||
008 940315s1988 nyua sb 001 0 eng d
010 _z 87031287
020 _z9780195053357
020 _z0195053354 (alk. paper)
040 _aCaPaEBR
_cCaPaEBR
035 _a(OCoLC)252542644
050 1 4 _aHX295.T87
_bH44 1988eb
100 1 _aHellman, Stephen.
245 1 0 _aItalian communism in transition
_h[electronic resource] :
_bthe rise and fall of the historic compromise in Turin, 1975-1980 /
_cStephen Hellman.
260 _aNew York :
_bOxford University Press,
_c1988.
300 _ax, 274 p. :
_bill.
504 _aIncludes bibliography and index.
533 _aElectronic reproduction.
_bPalo Alto, Calif. :
_cebrary,
_d2009.
_nAvailable via World Wide Web.
_nAccess may be limited to ebrary affiliated libraries.
610 2 0 _aPartito comunista italiano.
_bTurinese Federation.
650 0 _aCommunism
_zItaly
_zTurin.
651 0 _aTurin (Italy)
_xPolitics and government.
655 7 _aElectronic books.
_2local
710 2 _aebrary, Inc.
856 4 0 _uhttp://site.ebrary.com/lib/rucke/Doc?id=10279158
_zAn electronic book accessible through the World Wide Web; click to view
999 _c4468
_d4468